Cursillo de derecho constitucional Américano comparado : (Record no. 32246)
[ view plain ]
| 000 -CABECERA | |
|---|---|
| campo de control de longitud fija | 01049nam a2200241 a 4500 |
| 001 - NÚMERO DE CONTROL | |
| campo de control | 000032755 |
| 005 - FECHA Y HORA DE LA ÚLTIMA TRANSACCIÓN | |
| campo de control | 20250924073803.0 |
| 008 - DATOS DE LONGITUD FIJA--INFORMACIÓN GENERAL | |
| campo de control de longitud fija | 110726s1941 dr 000 0 spa d |
| 040 ## - FUENTE DE LA CATALOGACIÓN | |
| Centro catalogador/agencia de origen | DO-SdBNP |
| Lengua de catalogación | spa |
| Centro/agencia transcriptor | BNPHU |
| 082 ## - NÚMERO DE LA CLASIFICACIÓN DECIMAL DEWEY | |
| Número de clasificación | 342 |
| Número de documento/Ítem | I65c |
| 100 1# - ENTRADA PRINCIPAL--NOMBRE DE PERSONA | |
| Nombre de persona | Ireland, Gordon |
| 9 (RLIN) | 58586 |
| 245 10 - MENCIÓN DE TÍTULO | |
| Título | Cursillo de derecho constitucional Américano comparado : |
| Resto del título | dictado en la Universidad de Santo Domingo del 26 de abril al 31 de mayo de 1941 / |
| Mención de responsabilidad, etc. | Gordon Ireland. |
| 260 ## - PUBLICACIÓN, DISTRIBUCIÓN, ETC. | |
| Lugar de publicación, distribución, etc. | Ciudad Trujillo, República Dominicana : |
| Nombre del editor, distribuidor, etc. | Imp. Montalvo, |
| Fecha de publicación, distribución, etc. | 1941. |
| 300 ## - DESCRIPCIÓN FÍSICA | |
| Extensión | 117 p. ; |
| Dimensiones | 24 cm. |
| 490 1# - MENCIÓN DE SERIE | |
| Mención de serie | Publicaciones de la Universidad Autónoma de Santo Domingo |
| Designación de volumen o secuencia | 14 |
| 590 ## - NOTA LOCAL (RLIN) | |
| Nota local | Inventariado, 2018/LP |
| 650 #4 - PUNTO DE ACCESO ADICIONAL DE MATERIA--TÉRMINO DE MATERIA | |
| Término de materia o nombre geográfico como elemento de entrada | Derecho constitucional |
| Subdivisión geográfica | América Latina |
| 9 (RLIN) | 58587 |
| 650 #4 - PUNTO DE ACCESO ADICIONAL DE MATERIA--TÉRMINO DE MATERIA | |
| Término de materia o nombre geográfico como elemento de entrada | Derecho constitucional |
| Subdivisión geográfica | Estados Unidos |
| 9 (RLIN) | 48983 |
| 651 #4 - PUNTO DE ACCESO ADICIONAL DE MATERIA--NOMBRE GEOGRÁFICO | |
| Nombre geográfico | América Latina |
| Subdivisión general | Historia Constitucional |
| 9 (RLIN) | 10467 |
| 710 12 - PUNTO DE ACCESO ADICIONAL--NOMBRE DE ENTIDAD CORPORATIVA | |
| Nombre de entidad corporativa o nombre de jurisdicción como elemento de entrada | Universidad Autónoma de Santo Domingo |
| 9 (RLIN) | 72951 |
| 830 ## - PUNTO DE ACCESO ADICIONAL DE SERIE-TÍTULO UNIFORME | |
| Título uniforme | Publicaciones de la Universidad Autónoma de Santo Domingo |
| Designación de volumen o secuencia | 14 |
| 9 (RLIN) | 52 |
| 910 ## - DATOS DE OPCIÓN DEL USUARIO (OCLC) | |
| Datos de opción del usuario | Validado. Control de calidad MFF |
| Estado de retiro | Estado de pérdida | Restricciones de uso | No para préstamo | Código de colección | Localización permanente | Ubicación/localización actual | Ubicación en estantería | Fecha de adquisición | Número de inventario | Total de préstamos | Signatura topográfica completa | Código de barras | Fecha visto por última vez | Precio válido a partir de | Tipo de ítem Koha | Número de copia | Nota pública |
|---|---|---|---|---|---|---|---|---|---|---|---|---|---|---|---|---|---|
| Excluido de préstamo | Raros y valiosos | Patrimonio Dominicano | Patrimonio Dominicano | Depósito | 26.07.2011 | LF1 | 342 I65c | 32755-10 | 25.06.2020 | 25.06.2020 | No se presta | ||||||
| Excluido de préstamo | Raros y valiosos | Patrimonio Dominicano | Patrimonio Dominicano | Depósito | 23.08.2018 | LF1 | 342 I65c | 32755-20 | 25.06.2020 | 25.06.2020 | No se presta | e. 2 | Perteneció a la biblioteca personal de Martínez Boog. |
